000 01112nam a2200289Ia 4500
001 H9059
003 IT-RoPAU
008 130308s9999 xx 000 0 und d
040 _aIT-RoPAU
040 _cIT-RoPAU
041 _aITALIANO
100 _aGalofaro Francesco
100 _gCodice Aut. SPICS: 59616
245 _aInterpretare le lastre
245 _bDiscorso della salute (Il). Verso una sociosemiotica Medica
250 _a1a ed.
260 _aROMA
260 _bMeltemi
260 _c2005 [1° Ed.:2005 - Ed.Ling.Originale:2005]
300 _a"10 p. (prefazione: no ; testo: 10 [pagine: 244-253])"
500 _a"Scopo dell'Intervento. Lastre Come Indici. Opposizioni Metasemiotiche Fondamentali: testo Vs Supporto: Anatomia Radiologica Vs Semeiotica Radiologica; Paratesto, testo e Meta testo ; Descrivere Espressione, Decodificare Contenuto; Tratti Distintivi (Categorie Cromatiche, Eidetiche, topologiche). Nota Sulla Logica del ragionamento Diagnostico."
650 _aSAGGI DI SEMIOLOGIA
650 _eCodice materia Spics: 3257
942 _cBK
957 _71
999 _c78436
_d78436
999 _g1